000 00544nam a2200181Ia 4500
005 20250508162710.0
008 008 250505s9999 xx 000 0 eng d
037 _aTextual
040 _aFEDL
_beng
_cFEDL
041 _aeng
_2eng
084 _a323.6, NCE
_qFEDL
100 _aSrivastava R. S.
245 0 _aCitizenship development : Why, what and how
260 _aNew Delhi, India
_bNational Council of Edcational Research and Training
_c1985
300 _ax,64p.
942 _cTEXL
_h323.6, NCE
999 _c1378132
_d1378132